Pazarlamada ve rekabette başarının anahtarı müşteri ilişkileri yönetimi (Record no. 16733)

000 -LEADER
fixed length control field 00994nmm a2200289 a 4500
001 - CONTROL NUMBER
control field ocm0001864529
003 - CONTROL NUMBER IDENTIFIER
control field TR-IsHL
005 - DATE AND TIME OF LATEST TRANSACTION
control field 20201028171511.0
008 - FIXED-LENGTH DATA ELEMENTS--GENERAL INFORMATION
fixed length control field 180317s2017 tu tur
007 - PHYSICAL DESCRIPTION FIXED FIELD--GENERAL INFORMATION
fixed length control field cr cn
020 ## - INTERNATIONAL STANDARD BOOK NUMBER
International Standard Book Number 9789752475298
035 ## - SYSTEM CONTROL NUMBER
System control number 1864529
-- (N$T)
050 04 - LIBRARY OF CONGRESS CALL NUMBER
Classification number HF5415.5
Item number .Ç53 2017
090 04 - LOCALLY ASSIGNED LC-TYPE CALL NUMBER (OCLC); LOCAL CALL NUMBER (RLIN)
Classification number (OCLC) (R) ; Classification number, CALL (RLIN) (NR) HF5415.5
Local cutter number (OCLC) ; Book number/undivided call number, CALL (RLIN) .Ç53 2017
100 1# - MAIN ENTRY--PERSONAL NAME
Personal name Çiçek, Ercan
245 10 - TITLE STATEMENT
Title Pazarlamada ve rekabette başarının anahtarı müşteri ilişkileri yönetimi
Medium [electronic resource] /
Statement of responsibility, etc. Ercan Çiçek
250 ## - EDITION STATEMENT
Edition statement Birinci basım
260 ## - PUBLICATION, DISTRIBUTION, ETC.
Place of publication, distribution, etc. Konya :
Name of publisher, distributor, etc. Eğitim Yayınevi,
Date of publication, distribution, etc. 2017
300 ## - PHYSICAL DESCRIPTION
Extent 252 p.
500 ## - GENERAL NOTE
General note Kaynakça var.
International Standard Serial Number (SE) [OBSOLETE]
650 #4 - SUBJECT ADDED ENTRY--TOPICAL TERM
Topical term or geographic name entry element İşletme ve Yönetim
650 #4 - SUBJECT ADDED ENTRY--TOPICAL TERM
Topical term or geographic name entry element Business Management
650 #0 - SUBJECT ADDED ENTRY--TOPICAL TERM
Topical term or geographic name entry element Müşteri ilişkileri
General subdivision Yönetim
650 #0 - SUBJECT ADDED ENTRY--TOPICAL TERM
Topical term or geographic name entry element Customer relations
General subdivision Management
650 #7 - SUBJECT ADDED ENTRY--TOPICAL TERM
Topical term or geographic name entry element BUSINESS & ECONOMICS / Marketing / General
Source of heading or term bisacsh
856 40 - ELECTRONIC LOCATION AND ACCESS
Uniform Resource Identifier <a href="http://search.ebscohost.com/login.aspx?direct=true&scope=site&db=e011xww&AN=1864529">http://search.ebscohost.com/login.aspx?direct=true&scope=site&db=e011xww&AN=1864529</a>
Holdings
Withdrawn status Lost status Source of classification or shelving scheme Damaged status Not for loan Collection code Permanent Location Current Location Date acquired Total Checkouts Full call number Barcode Date last seen Price effective from Koha item type
        Online   Kıbrıs Amerikan Üniversitesi Kütüphanesi / American University of Cyprus Kıbrıs Amerikan Üniversitesi Kütüphanesi / American University of Cyprus 28.10.2020   HF5415.5 .Ç53 2017 1864529 28.10.2020 28.10.2020 E-Kitap
Devinim Yazılım Eğitim Danışmanlık tarafından Koha'nın orjinal sürümü uyarlanarak geliştirilip kurulmuştur.